[Event "28th Czech Open E 2018"]
[Site "Pardubice CZE"]
[Date "2018.07.12"]
[Round "1.1"]
[White "Safarik, Jakub"]
[Black "Laznicka, Viktor"]
[Result "0-1"]
[BlackTitle "GM"]
[WhiteElo "2180"]
[BlackElo "2669"]
[WhiteTeam "MISI OTROCI"]
[BlackTeam "MORAVSKA SLAVIA BRNO A (MCR)"]
[WhiteFideId "323691"]
[BlackFideId "316385"]
[EventDate "2018.07.12"]
[EventType "team"]

1. d4 d5 2. Nf3 Nf6 3. c4 c6 4. g3 dxc4 5. Bg2 b5 6. Ne5 Bb7 7. O-O e6 8. a4 a6
9. Nc3 Nd5 10. e4 Nxc3 11. bxc3 Nd7 12. f4 Be7 13. Be3 O-O 14. Qe2 Qc7 15. Rad1
f5 16. g4 Nf6 17. gxf5 exf5 18. exf5 Nd5 19. Bd2 Bc8 20. Nxc6 Qxc6 21. Bxd5+
Qxd5 22. Qxe7 Bxf5 23. Qe5 Qd7 24. Rde1 Rae8 25. Qc5 Bh3 26. Rf2 Rxe1+ 27. Bxe1
Re8 0-1

[Event "28th Czech Open E 2018"]
[Site "Pardubice CZE"]
[Date "2018.07.12"]
[Round "1.2"]
[White "Polak, Tomas"]
[Black "Nova, Michaela"]
[Result "1-0"]
[WhiteTitle "GM"]
[WhiteElo "2492"]
[BlackElo "1913"]
[WhiteTeam "MORAVSKA SLAVIA BRNO A (MCR)"]
[BlackTeam "MISI OTROCI"]
[WhiteFideId "300560"]
[BlackFideId "368466"]
[EventDate "2018.07.12"]
[EventType "team"]

1. d4 Nf6 2. c4 e6 3. Nf3 b6 4. g3 Bb4+ 5. Bd2 Be7 6. Nc3 Ba6 7. b3 c6 8. e4 d5
9. e5 Ne4 10. Bd3 Nxc3 11. Bxc3 O-O 12. h4 c5 13. Bxh7+ Kxh7 14. Ng5+ Kg6 15.
Qd3+ f5 16. exf6+ Kxf6 17. h5 1-0

[Event "28th Czech Open E 2018"]
[Site "Pardubice CZE"]
[Date "2018.07.12"]
[Round "1.3"]
[White "Rezac, Jindrich"]
[Black "Vojta, Tomas"]
[Result "0-1"]
[BlackTitle "FM"]
[WhiteElo "1812"]
[BlackElo "2350"]
[WhiteTeam "MISI OTROCI"]
[BlackTeam "MORAVSKA SLAVIA BRNO A (MCR)"]
[WhiteFideId "330329"]
[BlackFideId "308781"]
[EventDate "2018.07.12"]
[EventType "team"]

1. d4 d5 2. c4 Nc6 3. e3 e5 4. dxe5 d4 5. exd4 Qxd4 6. Qxd4 Nxd4 7. Bd3 Bg4 8.
Nc3 O-O-O 9. Be4 Bb4 10. Bd2 f5 11. Bb1 Ne7 12. a3 Bxc3 13. bxc3 Nb3 14. Ra2
Nxd2 15. Rxd2 Rxd2 16. Kxd2 Rd8+ 17. Bd3 f4 18. Kc2 Nc6 19. f3 Be6 20. Ne2 g5
21. Nd4 Nxd4+ 22. cxd4 Rxd4 23. Kc3 Rd7 24. h4 g4 25. fxg4 Bxg4 26. Rf1 Rf7 27.
Be4 c5 28. Bd5 Rf8 29. Kd3 Kc7 30. Re1 Bf5+ 31. Kc3 b6 32. Rf1 Bg4 33. Kd3 h5
34. Kc3 Kd7 35. Kd3 Ke7 36. Rf2 Bf5+ 37. Kc3 Be6 38. Kd3 Bf5+ 39. Kc3 Bg6 40.
Rf1 a6 41. Rf2 b5 42. Rb2 Be8 43. Rf2 Rf5 44. Re2 bxc4 45. Bxc4 f3 46. gxf3
Rxf3+ 47. Kb2 Bb5 48. Rc2 Bxc4 49. Rxc4 Rh3 50. Rxc5 Rxh4 51. Rc6 a5 52. Ra6 a4
53. Kc3 Kf7 54. Kb2 Re4 55. Kc2 h4 56. Rh6 Kg7 57. Ra6 h3 58. Rd6 h2 59. Rd1
Rxe5 60. Kc3 Rh5 61. Rh1 Rh4 62. Kd2 Kf6 63. Ke3 Ke5 64. Kf3 Kd4 65. Ke2 Kc3 66.
Ke3 Kb3 67. Kd3 Kxa3 68. Kc3 Rh3+ 69. Kc2 Ka2 70. Kc1 Kb3 71. Kb1 a3 72. Ka1 Rg3 0-1

[Event "28th Czech Open E 2018"]
[Site "Pardubice CZE"]
[Date "2018.07.12"]
[Round "1.4"]
[White "Tikovsky, Alexandr"]
[Black "Sedlacek, Pavel"]
[Result "1-0"]
[WhiteElo "2169"]
[BlackElo "1603"]
[WhiteTeam "MORAVSKA SLAVIA BRNO A (MCR)"]
[BlackTeam "MISI OTROCI"]
[WhiteFideId "313009"]
[BlackFideId "308730"]
[EventDate "2018.07.12"]
[EventType "team"]

1. d4 d5 2. Bf4 Nf6 3. e3 e6 4. Nd2 Be7 5. c3 Nbd7 6. Bd3 c5 7. Ngf3 b6 8. Ne5
Bb7 9. Qf3 cxd4 10. exd4 Rc8 11. O-O a6 12. Rfe1 b5 13. a3 Nb6 14. Be2 Bc6 15.
b4 Na4 16. c4 Nb6 17. c5 Nbd7 18. Nxc6 Rxc6 19. a4 Qc8 20. axb5 axb5 21. Bd3 Ra6
22. Bxb5 Rxa1 23. Rxa1 Qb7 24. Qd3 Qc8 25. c6 1-0

[Event "28th Czech Open E 2018"]
[Site "Pardubice CZE"]
[Date "2018.07.12"]
[Round "1.1"]
[White "Potapov, Pavel"]
[Black "Dujava, Daniel"]
[Result "1-0"]
[WhiteTitle "GM"]
[WhiteElo "2500"]
[BlackElo "2118"]
[WhiteTeam "YAMAL 1"]
[BlackTeam "LOKOMOTIVA CAISSA BRATISLAVA A"]
[WhiteFideId "4169786"]
[BlackFideId "14915669"]
[EventDate "2018.07.12"]
[EventType "team"]

1. e4 c5 2. c3 Nf6 3. e5 Nd5 4. Bc4 Nb6 5. Bb3 d5 6. exd6 Qxd6 7. Nf3 g6 8. d4
cxd4 9. Qxd4 Qxd4 10. Nxd4 Bd7 11. a4 e5 12. Nb5 Bxb5 13. axb5 N8d7 14. O-O Bg7
15. Be3 O-O 16. Nd2 Rfc8 17. Ne4 Bf8 18. Ng5 Nc4 19. Rfd1 Nf6 20. Nxf7 Kxf7 21.
Ra4 Kg7 22. Rxc4 Rxc4 23. Bxc4 Rc8 24. Be2 b6 25. g4 Rc7 26. g5 Ne8 27. f4 exf4
28. Bxf4 Bc5+ 29. Kg2 Re7 30. Bf3 Rf7 31. Bg3 Nc7 32. Be5+ Kf8 33. Rd8+ Ke7 34.
Bxc7 1-0

[Event "28th Czech Open E 2018"]
[Site "Pardubice CZE"]
[Date "2018.07.12"]
[Round "1.2"]
[White "Pytlik, Pavol"]
[Black "Belyakov, Bogdan"]
[Result "0-1"]
[BlackTitle "IM"]
[WhiteElo "2095"]
[BlackElo "2489"]
[WhiteTeam "LOKOMOTIVA CAISSA BRATISLAVA A"]
[BlackTeam "YAMAL 1"]
[WhiteFideId "14912287"]
[BlackFideId "24104795"]
[EventDate "2018.07.12"]
[EventType "team"]

1. e4 e5 2. Nc3 Nf6 3. g3 d5 4. exd5 Nxd5 5. Bg2 Nxc3 6. bxc3 Bc5 7. Ne2 Nc6 8.
O-O Be6 9. d3 Bd5 10. Be3 Bxg2 11. Kxg2 Bd6 12. f4 O-O 13. Qd2 exf4 14. Bxf4 Re8
15. Rf2 Re7 16. Raf1 Qd7 17. Bxd6 Qxd6 18. c4 Rae8 19. Nf4 Ne5 20. Nd5 Re6 21.
h3 c6 22. Nc3 f6 23. Ne4 Qd7 24. Qc3 c5 25. Qb3 Nc6 26. Nc3 b6 27. Nd5 Qb7 28.
Qa4 Nb4 29. Qb3 Re5 30. Rf5 Re2+ 31. Kg1 Nxc2 32. Qa4 Nd4 33. R5f2 Qb8 34. Kg2
Nf5 35. Nf4 R2e7 36. Kh2 Qb7 37. Nd5 Ne3 38. Nxe3 Rxe3 39. Rf3 Re2+ 40. R3f2
R8e3 41. Qd1 Qf3 0-1

[Event "28th Czech Open E 2018"]
[Site "Pardubice CZE"]
[Date "2018.07.12"]
[Round "1.3"]
[White "Potapov, Alexander1"]
[Black "Prochazka, Jaromir"]
[Result "1-0"]
[WhiteTitle "GM"]
[WhiteElo "2404"]
[BlackElo "1860"]
[WhiteTeam "YAMAL 1"]
[BlackTeam "LOKOMOTIVA CAISSA BRATISLAVA A"]
[WhiteFideId "4115074"]
[BlackFideId "14910284"]
[EventDate "2018.07.12"]
[EventType "team"]

1. d4 Nf6 2. c4 b6 3. Nc3 Bb7 4. d5 e6 5. a3 a5 6. g3 Na6 7. Bg2 Nc5 8. a4 Be7
9. Nh3 O-O 10. O-O d6 11. Be3 Rb8 12. Bxc5 bxc5 13. e4 Qd7 14. Nf4 exd5 15. exd5
Rfe8 16. Re1 c6 17. dxc6 Bxc6 18. Nb5 Bxg2 19. Kxg2 Qc6+ 20. Qf3 Qxf3+ 21. Kxf3
Bf8 22. Nd5 Nxd5 23. cxd5 g6 24. Rxe8 Rxe8 25. Na3 Kg7 26. Nc4 Ra8 27. Ra3 Rb8
28. Nxa5 Rxb2 29. Nc6 c4 30. Ke3 Kh6 31. a5 Bg7 32. a6 c3 33. a7 Rb1 34. Kd3
Rd1+ 35. Kc2 Rd2+ 36. Kc1 Rxf2 37. a8=Q Rf1+ 38. Kc2 Rf2+ 39. Kd3 Rf3+ 40. Ke2
c2 41. Qa4 Bf6 42. Rxf3 1-0

[Event "28th Czech Open E 2018"]
[Site "Pardubice CZE"]
[Date "2018.07.12"]
[Round "1.4"]
[White "Marusic, Martin"]
[Black "Krapivin, Vladislav"]
[Result "1-0"]
[BlackTitle "IM"]
[WhiteElo "1716"]
[BlackElo "2310"]
[WhiteTeam "LOKOMOTIVA CAISSA BRATISLAVA A"]
[BlackTeam "YAMAL 1"]
[WhiteFideId "14921375"]
[BlackFideId "4126149"]
[EventDate "2018.07.12"]
[EventType "team"]

1. e4 d6 2. Nf3 Nf6 3. Nc3 Nbd7 4. Be2 e5 5. O-O Be7 6. d3 c6 7. b3 O-O 8. Bb2
d5 9. exd5 cxd5 10. Qd2 d4 11. Ne4 Nd5 12. c3 dxc3 13. Nxc3 Nf4 14. d4 Bg5 15.
Kh1 Bh6 16. Qc2 b6 17. Ne4 Nxe2 18. Qxe2 f5 19. Qc4+ Kh8 20. Nd6 e4 21. Ne5 Nxe5
22. dxe5 Qe7 23. Ba3 Be6 24. Qa4 Qd7 25. Qxd7 Bxd7 26. Rad1 Kg8 27. Nxe4 Bb5 28.
Rfe1 fxe4 29. Bxf8 Rxf8 30. Rxe4 Rxf2 31. e6 Kf8 32. e7+ Kf7 33. Kg1 Rd2 34.
Rf1+ Kg6 35. Re6+ Kg5 36. Re5+ Kg6 37. h4 Bg5 38. Rxg5+ Kh6 1-0

[Event "28th Czech Open E 2018"]
[Site "Pardubice CZE"]
[Date "2018.07.12"]
[Round "1.1"]
[White "Svanda, Ondrej"]
[Black "Vavra, Pavel1"]
[Result "1/2-1/2"]
[BlackTitle "IM"]
[WhiteElo "2111"]
[BlackElo "2352"]
[WhiteTeam "TJ STEFANYDES POLICKA (MCR)"]
[BlackTeam "SK SOKOL VYSEHRAD A"]
[WhiteFideId "359670"]
[BlackFideId "301841"]
[EventDate "2018.07.12"]
[EventType "team"]

1. e4 e6 2. d4 d5 3. Nc3 Bb4 4. e5 c5 5. Bd2 cxd4 6. Nb5 Bc5 7. Qg4 Kf8 8. b4
Bb6 9. Nxd4 Nc6 10. Nxc6 bxc6 11. Nf3 f5 12. exf6 Qxf6 13. Qf4 Bc7 14. Qxf6+
gxf6 15. c4 e5 16. cxd5 cxd5 17. Rc1 Bb6 18. a4 Ne7 19. a5 Bd8 20. Be2 Bd7 21.
O-O Rb8 22. Rc5 Kf7 23. Rfc1 Be6 24. Nh4 Ng6 25. Nxg6 hxg6 26. g3 Ke8 1/2-1/2

[Event "28th Czech Open E 2018"]
[Site "Pardubice CZE"]
[Date "2018.07.12"]
[Round "1.2"]
[White "Jacek, Martin"]
[Black "Houska, Bronislav"]
[Result "1-0"]
[WhiteElo "2185"]
[BlackElo "2024"]
[WhiteTeam "SK SOKOL VYSEHRAD A"]
[BlackTeam "TJ STEFANYDES POLICKA (MCR)"]
[WhiteFideId "305812"]
[BlackFideId "317055"]
[EventDate "2018.07.12"]
[EventType "team"]

1. e4 d6 2. d4 Nf6 3. Nc3 g6 4. g3 Bg7 5. Bg2 O-O 6. Nge2 e5 7. h3 Nc6 8. Be3
exd4 9. Nxd4 Nxd4 10. Bxd4 Re8 11. O-O Be6 12. f4 Bc4 13. Re1 a5 14. Qf3 c6 15.
Rad1 d5 16. e5 Nd7 17. b3 Ba6 18. Na4 Bf8 19. f5 b5 20. e6 fxe6 21. fxe6 Re7 22.
Nb2 Nb8 23. Rf1 Bg7 24. Qf7+ Rxf7 25. exf7+ Kf8 26. Bc5+ Qe7 27. Bxe7+ Kxe7 28.
Rde1+ 1-0

[Event "28th Czech Open E 2018"]
[Site "Pardubice CZE"]
[Date "2018.07.12"]
[Round "1.3"]
[White "Navratil, Ladislav"]
[Black "Rut, Vojtech"]
[Result "0-1"]
[WhiteElo "1693"]
[BlackElo "2128"]
[WhiteTeam "TJ STEFANYDES POLICKA (MCR)"]
[BlackTeam "SK SOKOL VYSEHRAD A"]
[WhiteFideId "340227"]
[BlackFideId "333190"]
[EventDate "2018.07.12"]
[EventType "team"]

1. c4 c6 2. Nf3 d5 3. e3 Bg4 4. b3 Nd7 5. d4 e6 6. Be2 Bd6 7. Nbd2 f5 8. Bb2
Ngf6 9. Ne5 Bxe2 10. Qxe2 O-O 11. f4 Ne4 12. Nxe4 fxe4 13. Nxd7 Bb4+ 14. Kf2
Qxd7 15. c5 e5 16. a3 Bxc5 17. dxe5 Rxf4+ 18. Kg3 Rf5 19. h3 Raf8 20. Bd4 Bxd4
21. exd4 Qf7 22. Ra2 Rg5+ 23. Kh2 Qf4+ 24. Kg1 e3 25. Qd3 c5 26. dxc5 Rxe5 27.
Re2 Qg3 28. Qc2 Rf2 29. Rh2 Ref5 30. Rxf2 exf2+ 31. Kf1 Qxh2 32. Qxf5 Qg1+ 33.
Ke2 Qe1+ 0-1

[Event "28th Czech Open E 2018"]
[Site "Pardubice CZE"]
[Date "2018.07.12"]
[Round "1.4"]
[White "Zakoucka, Adela"]
[Black "Svanda, Adam"]
[Result "1/2-1/2"]
[WhiteElo "1979"]
[BlackElo "1814"]
[WhiteTeam "SK SOKOL VYSEHRAD A"]
[BlackTeam "TJ STEFANYDES POLICKA (MCR)"]
[WhiteFideId "320862"]
[BlackFideId "367389"]
[EventDate "2018.07.12"]
[EventType "team"]

1. e4 c5 2. Nc3 Nc6 3. Bb5 Nd4 4. Bc4 g6 5. d3 Bg7 6. f4 e6 7. Nf3 Ne7 8. O-O
O-O 9. Nxd4 cxd4 10. Ne2 a6 11. Ng3 d5 12. Bb3 dxe4 13. Nxe4 b5 14. Qf3 Rb8 15.
Bd2 Bb7 16. Qh3 Nd5 17. Rae1 Re8 18. Ng5 h6 19. Ne4 Qb6 20. Kh1 Rbd8 21. a3 1/2-1/2

[Event "28th Czech Open E 2018"]
[Site "Pardubice CZE"]
[Date "2018.07.12"]
[Round "1.1"]
[White "Vrana, Jan"]
[Black "Cmiko, Jakub"]
[Result "1-0"]
[WhiteTitle "FM"]
[WhiteElo "2328"]
[BlackElo "2003"]
[WhiteTeam "2222 SK POLABINY A (MCR)"]
[BlackTeam "SK OAZA PRAHA C (MCR)"]
[WhiteFideId "322369"]
[BlackFideId "313173"]
[EventDate "2018.07.12"]
[EventType "team"]

1. e4 e5 2. f4 exf4 3. Nf3 d6 4. d4 g5 5. h4 g4 6. Ng1 Qf6 7. Nc3 Ne7 8. Nge2
Bh6 9. Qd2 Bd7 10. g3 Nbc6 11. gxf4 O-O-O 12. Bg2 Rhg8 13. d5 Nb4 14. a3 Na6 15.
Qd4 Qxd4 16. Nxd4 Rde8 17. Bd2 Bg7 18. Nde2 f5 19. O-O-O Nc5 20. Ng3 fxe4 21.
Ncxe4 Nf5 22. Rde1 Bd4 23. Nxf5 Bxf5 24. Ng3 Bd7 25. Ref1 Bb5 26. Re1 Bf2 27.
Rxe8+ Rxe8 28. Nh5 Rf8 29. Kd1 Bd4 30. Bc1 Na4 31. c3 Bf2 32. Ng7 Nc5 33. f5 Rf7
34. Bh6 Bd3 35. b4 Na4 36. Kd2 Bxf5 37. Nxf5 Rxf5 38. Rf1 g3 1-0

[Event "28th Czech Open E 2018"]
[Site "Pardubice CZE"]
[Date "2018.07.12"]
[Round "1.2"]
[White "Hulin, Petr"]
[Black "Novotny, Michal"]
[Result "0-1"]
[BlackTitle "FM"]
[WhiteElo "2090"]
[BlackElo "2304"]
[WhiteTeam "SK OAZA PRAHA C (MCR)"]
[BlackTeam "2222 SK POLABINY A (MCR)"]
[WhiteFideId "335533"]
[BlackFideId "310980"]
[EventDate "2018.07.12"]
[EventType "team"]

1. d4 Nf6 2. Nf3 e6 3. e3 c5 4. c3 b6 5. Nbd2 Be7 6. Bd3 Ba6 7. Bxa6 Nxa6 8. O-O
O-O 9. Qe2 Nb8 10. b3 cxd4 11. exd4 d5 12. Bb2 Nc6 13. Ne5 Rc8 14. Rac1 Qc7 15.
c4 Qb7 16. Ndf3 dxc4 17. bxc4 Nxe5 18. Nxe5 Rfd8 19. Rfe1 Bb4 20. Red1 Qe4 21.
Qxe4 Nxe4 22. f3 Nf6 23. Kf1 Bd6 24. c5 Bxe5 25. dxe5 Rxd1+ 26. Rxd1 Nd5 27. Bd4
b5 28. Rb1 a6 29. a4 b4 30. a5 Kf8 31. Rb3 Ke8 32. Ke2 Kd7 33. Kd3 Kc6 34. Kc4
Rb8 0-1

[Event "28th Czech Open E 2018"]
[Site "Pardubice CZE"]
[Date "2018.07.12"]
[Round "1.3"]
[White "Bernard, Borek"]
[Black "Sterba, Karel"]
[Result "1-0"]
[WhiteElo "2313"]
[BlackElo "1876"]
[WhiteTeam "2222 SK POLABINY A (MCR)"]
[BlackTeam "SK OAZA PRAHA C (MCR)"]
[WhiteFideId "315672"]
[BlackFideId "332763"]
[EventDate "2018.07.12"]
[EventType "team"]

1. e4 e5 2. Nf3 Nc6 3. Bc4 Bc5 4. c3 Nf6 5. d4 exd4 6. cxd4 Bb4+ 7. Bd2 Bxd2+ 8.
Nbxd2 d5 9. exd5 Nxd5 10. Qb3 Na5 11. Qa4+ c6 12. Bxd5 Qxd5 13. Rc1 b6 14. O-O
O-O 15. b4 Nc4 16. Nxc4 b5 17. Ne3 Qxf3 18. Qc2 Qf6 19. Qxc6 Qxc6 20. Rxc6 Rd8
21. d5 Bb7 22. Rc5 a6 23. Rd1 Rd7 24. h4 Rad8 25. Rd4 Kf8 26. Kf1 Ba8 27. Ke2
Bb7 28. Kd3 Ba8 29. Kc3 Bb7 30. Kb3 g6 31. a4 bxa4+ 32. Kxa4 Rd6 33. Ka5 Ke8 34.
g3 R8d7 35. Nc4 Rxd5 36. Rcxd5 Rxd5+ 37. Rxd5 Bxd5 38. Ne3 Bb7 39. Kb6 Bc8 40.
Nd5 Kd7 41. Nc7 Kd6 42. Nxa6 Kd5 43. Nb8 Kd6 44. Nc6 f6 45. b5 g5 46. h5 h6 47.
Nd8 Bg4 48. Nf7+ Ke6 49. Nxh6 Bxh5 50. g4 Be8 51. Ka6 Kd7 52. Ka7 Kc8 53. b6 Bc6
54. Ng8 1-0

[Event "28th Czech Open E 2018"]
[Site "Pardubice CZE"]
[Date "2018.07.12"]
[Round "1.4"]
[White "Hudec, Ondrej"]
[Black "Bujnoch, Radek"]
[Result "1/2-1/2"]
[WhiteElo "1939"]
[BlackElo "2208"]
[WhiteTeam "SK OAZA PRAHA C (MCR)"]
[BlackTeam "2222 SK POLABINY A (MCR)"]
[WhiteFideId "346365"]
[BlackFideId "313300"]
[EventDate "2018.07.12"]
[EventType "team"]

1. d4 d5 2. Nf3 Nf6 3. c4 c6 4. Qb3 e6 5. g3 Bd6 6. Bg2 O-O 7. O-O Nbd7 8. Nc3
h6 9. Bd2 b6 10. Rac1 Ba6 11. cxd5 exd5 12. Rfe1 Re8 13. Qa4 Bb7 14. b4 a5 15.
b5 c5 16. Qc2 Rc8 17. Qd3 c4 18. Qc2 Ne4 19. Nh4 Qf6 20. Nxe4 dxe4 21. Bh3 Red8
22. Nf5 Ba3 23. Rcd1 c3 24. Bf4 g5 25. Be5 Qe6 1/2-1/2

[Event "28th Czech Open E 2018"]
[Site "Pardubice CZE"]
[Date "2018.07.12"]
[Round "1.1"]
[White "Strasil, Pavel"]
[Black "Cernousek, Lukas"]
[Result "1-0"]
[WhiteTitle "CM"]
[BlackTitle "IM"]
[WhiteElo "2015"]
[BlackElo "2449"]
[WhiteTeam "SK 1921 ZABREH A (MCR)"]
[BlackTeam "UNICHESS A (MCR)"]
[WhiteFideId "308013"]
[BlackFideId "311707"]
[EventDate "2018.07.12"]
[EventType "team"]

1. d4 f5 2. g3 Nf6 3. Bg2 g6 4. Nc3 Bg7 5. e4 fxe4 6. Nxe4 Nxe4 7. Bxe4 O-O 8.
Ne2 c6 9. O-O d5 10. Bg2 e5 11. dxe5 Bxe5 12. c3 Nd7 13. Bh6 Rf7 14. Nd4 Nc5 15.
Qc2 Qf6 16. Be3 Ne4 17. f4 Bc7 18. Rae1 Bd7 19. Nf3 Re7 20. Bd4 Qf5 21. Ng5 Rae8
22. Bh3 Qf8 23. Rxe4 Rxe4 24. Bxd7 Re2 25. Qd3 R8e7 26. Bg4 Re1 27. Kf2 Qe8 28.
Rxe1 Rxe1 29. Be2 Rh1 30. Nf3 Qe4 31. Qxe4 dxe4 32. Bc4+ Kf8 33. Ng5 Bb6 34. Kg2
Rb1 35. Nxh7+ Ke7 36. Bf6+ Kd6 37. Be5+ Ke7 38. b4 Rb2+ 39. Kf1 Rf2+ 40. Ke1
Rxh2 41. Ng5 e3 42. Ne4 Rg2 43. a4 c5 44. Be2 Rh2 45. g4 Rg2 46. Kf1 Rh2 47. f5
Rh1+ 48. Kg2 Re1 49. Kf3 gxf5 50. gxf5 Ra1 51. f6+ Ke6 52. Ng5+ 1-0

[Event "28th Czech Open E 2018"]
[Site "Pardubice CZE"]
[Date "2018.07.12"]
[Round "1.2"]
[White "Simek, Petr2"]
[Black "Opravil, Karel"]
[Result "1/2-1/2"]
[WhiteTitle "FM"]
[WhiteElo "2334"]
[BlackElo "2041"]
[WhiteTeam "UNICHESS A (MCR)"]
[BlackTeam "SK 1921 ZABREH A (MCR)"]
[WhiteFideId "319260"]
[BlackFideId "305189"]
[EventDate "2018.07.12"]
[EventType "team"]

1. d4 Nf6 2. c4 e6 3. g3 d5 4. Bg2 Be7 5. Nf3 O-O 6. O-O dxc4 7. Qc2 a6 8. a4
Bd7 9. Bg5 Bc6 10. Nbd2 b5 11. e4 Nbd7 12. axb5 axb5 13. d5 exd5 14. Nd4 Ne5 15.
Bf4 Nfg4 16. h3 g5 17. hxg4 gxf4 18. Nxc6 Nxc6 19. Rxa8 Qxa8 20. exd5 Nd4 21.
Qe4 Bf6 22. Kh2 f3 23. Nxf3 Nxf3+ 24. Bxf3 Qe8 25. Qb1 Qe5 26. b3 cxb3 27. Kg2
Qb2 28. Qf5 Qe5 29. Qd3 Qc3 30. Qf5 Qe5 31. Qd3 Qc3 32. Qf5 1/2-1/2

[Event "28th Czech Open E 2018"]
[Site "Pardubice CZE"]
[Date "2018.07.12"]
[Round "1.3"]
[White "Vicenec, Roman"]
[Black "Kovar, Vojtech"]
[Result "1/2-1/2"]
[WhiteElo "1995"]
[BlackElo "2264"]
[WhiteTeam "SK 1921 ZABREH A (MCR)"]
[BlackTeam "UNICHESS A (MCR)"]
[WhiteFideId "319490"]
[BlackFideId "314943"]
[EventDate "2018.07.12"]
[EventType "team"]

1. e4 d6 2. d4 g6 3. Nc3 a6 4. a4 Bg7 5. Nf3 Nd7 6. Be3 Ngf6 7. h3 O-O 8. Be2 b6
9. O-O Bb7 10. Qd3 c6 11. Rad1 Qc7 12. Nd2 b5 13. f4 b4 14. Ncb1 c5 15. d5 e6
16. dxe6 fxe6 17. c4 bxc3 18. bxc3 d5 19. e5 Ne8 20. Nf3 Qc6 21. Qc2 Nb6 22. a5
Qa4 23. Qb2 Qxa5 24. Nbd2 Bc8 25. Nb3 Qa4 26. Nxc5 Qc6 27. Qa3 Nc7 28. Nd4 Qe8
29. Qa5 Rb8 30. Rb1 Nb5 31. Bxb5 axb5 32. Qxb5 Nd7 33. Qc6 1/2-1/2

[Event "28th Czech Open E 2018"]
[Site "Pardubice CZE"]
[Date "2018.07.12"]
[Round "1.4"]
[White "Koubova, Anna Marie"]
[Black "Krahula, Pavel"]
[Result "1-0"]
[WhiteElo "2060"]
[BlackElo "1855"]
[WhiteTeam "UNICHESS A (MCR)"]
[BlackTeam "SK 1921 ZABREH A (MCR)"]
[WhiteFideId "381470"]
[BlackFideId "327859"]
[EventDate "2018.07.12"]
[EventType "team"]

1. d4 Nf6 2. c4 g6 3. g3 Bg7 4. Bg2 O-O 5. Nc3 d6 6. Nf3 Nbd7 7. O-O e5 8. e4
exd4 9. Nxd4 Re8 10. Re1 Nf8 11. h3 Ne6 12. Be3 a6 13. Qc2 Nd7 14. Rad1 Nxd4 15.
Bxd4 Bxd4 16. Rxd4 Nf6 17. c5 Qe7 18. cxd6 cxd6 19. Red1 Rd8 20. Qd2 Be6 21. e5
Ne8 22. exd6 Qd7 23. Ne4 Rac8 24. b4 b6 25. Kh2 Kg7 26. Qb2 Kg8 27. Ng5 Ng7 28.
Rh4 h5 29. Ne4 Ne8 30. g4 f5 31. Ng5 fxg4 32. Nxe6 1-0

[Event "28th Czech Open E 2018"]
[Site "Pardubice CZE"]
[Date "2018.07.13"]
[Round "2.1"]
[White "Laznicka, Viktor"]
[Black "Rosko, Lubos"]
[Result "1-0"]
[WhiteTitle "GM"]
[BlackTitle "FM"]
[WhiteElo "2669"]
[BlackElo "2279"]
[WhiteTeam "MORAVSKA SLAVIA BRNO A (MCR)"]
[BlackTeam "ROSKOVA SACHOVA AKADEMIE A"]
[WhiteFideId "316385"]
[BlackFideId "321192"]
[EventDate "2018.07.12"]
[EventType "team"]

1. c4 g6 2. e4 c5 3. Nf3 Nc6 4. d4 cxd4 5. Nxd4 Nf6 6. Nc3 d6 7. Be2 Nxd4 8.
Qxd4 Bg7 9. Be3 O-O 10. Qd2 Be6 11. f3 Qa5 12. Nb5 Qxd2+ 13. Kxd2 Nd7 14. Rab1
Ne5 15. b3 Nc6 16. Rhc1 Rac8 17. Nc3 f5 18. Nd5 a6 19. b4 Bxd5 20. exd5 Nd4 21.
Bf1 f4 22. Bf2 Nf5 23. Bd3 Ne3 24. g3 Nf5 25. Bxf5 Rxf5 26. g4 Rff8 27. Kd3 Kf7
28. c5 e6 29. c6 b5 30. Bd4 Bxd4 31. dxe6+ Kxe6 32. Kxd4 d5 33. Kc5 Rf6 34. g5
Rf7 35. Re1+ Kf5 36. h4 Rfc7 37. Kd4 Rxc6 38. Re5# 1-0

[Event "28th Czech Open E 2018"]
[Site "Pardubice CZE"]
[Date "2018.07.13"]
[Round "2.2"]
[White "Solc, Filip"]
[Black "Polak, Tomas"]
[Result "0-1"]
[BlackTitle "GM"]
[WhiteElo "2003"]
[BlackElo "2492"]
[WhiteTeam "ROSKOVA SACHOVA AKADEMIE A"]
[BlackTeam "MORAVSKA SLAVIA BRNO A (MCR)"]
[WhiteFideId "365467"]
[BlackFideId "300560"]
[EventDate "2018.07.12"]
[EventType "team"]

1. e4 c6 2. Nc3 d5 3. Nf3 Bg4 4. h3 Bh5 5. exd5 cxd5 6. Bb5+ Nc6 7. g4 Bg6 8.
Ne5 Rc8 9. d4 e6 10. Qe2 Bb4 11. h4 Ne7 12. h5 Be4 13. f3 O-O 14. Nxc6 Nxc6 15.
Be3 Qf6 16. fxe4 Nxd4 17. Bxd4 Qxd4 18. Rd1 Bxc3+ 19. bxc3 Qxc3+ 20. Kf1 dxe4
21. Qxe4 f5 22. Qxe6+ Kh8 23. Bd3 Qd4 24. Rd2 Rce8 25. Qxe8 Rxe8 26. gxf5 Re3
27. Rf2 Qa1+ 28. Kg2 Qxa2 29. Rh4 Qd5+ 30. Kf1 h6 31. Bc4 Qd1+ 32. Kg2 Re1 33.
Bf1 Qd5+ 34. Rf3 Rxf1 0-1

[Event "28th Czech Open E 2018"]
[Site "Pardubice CZE"]
[Date "2018.07.13"]
[Round "2.3"]
[White "Vojta, Tomas"]
[Black "Cerny, David"]
[Result "1-0"]
[WhiteTitle "FM"]
[WhiteElo "2350"]
[BlackElo "1962"]
[WhiteTeam "MORAVSKA SLAVIA BRNO A (MCR)"]
[BlackTeam "ROSKOVA SACHOVA AKADEMIE A"]
[WhiteFideId "308781"]
[BlackFideId "369551"]
[EventDate "2018.07.12"]
[EventType "team"]

1. e4 c5 2. f4 d5 3. exd5 Qxd5 4. Nc3 Qd8 5. Nf3 Nf6 6. Ne5 e6 7. b3 Be7 8. Bb2
Bd7 9. Bd3 Nc6 10. O-O a6 11. a3 Qc7 12. Ne4 Nd4 13. Ng5 O-O 14. Kh1 h6 15. Ngf3
Nxf3 16. Qxf3 Bb5 17. c4 Bc6 18. Nxc6 Qxc6 19. Qxc6 bxc6 20. Bc2 Nd7 21. Be4
Rab8 22. Bc2 a5 23. Bc3 Bf6 24. a4 Bxc3 25. dxc3 Rfd8 26. f5 exf5 27. Rxf5 f6
28. h3 Ne5 29. Rf2 Rd6 30. Rb1 Rbd8 31. b4 axb4 32. cxb4 cxb4 33. Rxb4 Nd3 34.
Bxd3 Rxd3 35. Re2 R8d7 36. Rb6 Ra3 37. Ra6 Rd1+ 38. Kh2 Rc1 39. Ra7 Rxc4 40.
Ree7 Raxa4 41. Rxg7+ Kh8 42. Rh7+ Kg8 43. Rag7+ Kf8 44. Rf7+ Kg8 45. Rfg7+ Kf8
46. Rc7 Kg8 47. Rhg7+ Kh8 48. Rgf7 Kg8 49. Rxf6 h5 50. Rg6+ Kh8 51. Rh6+ Kg8 52.
Rxh5 1-0